000 00732nam a22002057a 4500
999 _c20387
_d20387
003 AR-CdUCM
008 190529b ||||| |||| 00| 0 spa d
040 _aMUNICIPALIDAD PROVINCIAL DEL CUSCO
_cBIBLIOTECA MUNICIPAL DEL CUSCO
082 _a869.56 /
_bT18
100 _aTamayo Vargas, Augusto
_91952
245 _aLiteratura en hispano américa /
260 _aLima :
_bPeisa,
_c1973.
300 _a513 páginas ;
_c21 cm.
505 _aContenido : Literatura precolombina -- La transculturización española -- Informantes y cronistas...
650 _aCultura maya
_942638
650 _aLa literatura en el México precolombino
_942639
650 _aCultura y literatura andinas
_942640
942 _2ddc
_cLIBROS
945 _aandy